000 00491nam a22001937a 4500
003 MPLRDC
005 20220104123552.0
008 210129b ||||| |||| 00| 0 eng d
020 _a957-32-1850-X
082 _a411.1 HEND
100 _aSHELDON SAUL HENDLER,M.D.,PH.D.
245 _a如何克服慢性疲倦
_c
250 _a初版一刷
260 _a
_b远流出版公司
_c1992
300 _b
490 _a生活情报源. 37
650 _a健康法
942 _cBK
_o411.1 HEND
999 _c12459
_d12449